Statistics for Super Mario Bros. 3 Trivia

Click here to take the quiz!

General Stats

  • This quiz has been taken 172 times
  • The average score is 13 of 19

Answer Stats

HintAnswer% Correct
And, of course, who is the final boss?Bowser
83%
How many with the fireflower icon?Three
81%
How many with the Mushroom icon?Two
80%
How many 1-ups are received when you collect a star icon on three consecutive levels?Five
76%
What suit was designed for swimming through water?Frog Suit
76%
Who is present in the item shops?Toad
75%
These battles take place on what?Airship
74%
This new power-up allows you to fly.Leaf
74%
In the desert world, there is a level where Mario must outrun an angry _, that swoops down and tries to end his progression.Sun
72%
These dog-like enemies would be much more troublesome if they weren't tied down by a chain.Chain Chomp
67%
This suit allows you to fly and become momentarily invincible by transforming into a statue.Tanooki Suit
66%
Item that takes you to the warp zone.Whistle
65%
From who?Princess Toadstool
64%
Who do battle at the end of each world?Koopaling
62%
What suit allows you to throw hammers?Hammer Bros. Suit
58%
What colored block allows you to fall behind the scenery after ducking on it for several seconds?White
54%
What do you receive after completion of each world?Letter
50%
Who do you battle in the fortresses?Boom Boom
46%
_ blocks are the ones that fall if you stand on them too long.Donut
39%

Score Distribution

Percentile by Number Answered

Percent of People with Each Score

Your Score History

You have not taken this quiz